000 01715nam a2200409 i 4500
001 84456
003 FINmELB
005 20241217152111.0
006 m o u
007 cr cn|||||||||
008 241121s2024 sp ob 000 0 spa d
020 _a9788410705241
_q(e-book)
035 _a(OCoLC)1472950724
040 _aFINmELB
_bspa
_erda
_cFINmELB
050 1 4 _aLC3993
_bA465 2024
080 _a376
082 0 4 _a371.95
_223
245 0 0 _aAltas capacidades y educación :
_buna aproximación desde la investigación /
_cEvaristo Barrera-Algarín, Eloy López Meneses, José Luís Sarasola Sánchez-Serrano (coordinadores).
264 1 _aMadrid :
_bDykinson,
_c2024.
300 _a1 recurso en línea (285 páginas)
336 _atexto
_btxt
_2rdacontent/spa
337 _acomputadora
_bc
_2rdamedia/spa
338 _arecurso en línea
_bcr
_2rdacarrier/spa
490 1 _aColección Innovación en Ciencias Sociales
504 _aIncluye referencias bibliográficas.
588 _aDescripción basada en metadatos suministrados por el editor y otras fuentes.
590 _aRecurso electrónico. Santa Fe, Arg.: elibro, 2024. Disponible vía World Wide Web. El acceso puede estar limitado para las bibliotecas afiliadas a elibro.
650 4 _aNiños superdotados
_xEducación.
650 4 _aPsicología infantil.
655 4 _aLibros electrónicos.
700 1 _aLópez Meneses, Eloy,
_ecoordinador.
700 1 _aBarrera-Algarín, Evaristo,
_ecoordinador.
700 1 _aSarasola Sánchez-Serrano, José Luís,
_ecoordinador.
797 2 _aelibro, Corp.
830 0 _aColección Innovación en Ciencias Sociales.
856 4 0 _uhttps://elibro.net/ereader/politecnicointernacional/275407
999 _c84456
_d84456